| 000 | 00546nam a2200217Ia 4500 | ||
|---|---|---|---|
| 003 | OSt | ||
| 005 | 20220928140621.0 | ||
| 006 | a|||||r|||| 00| 0 | ||
| 007 | ta | ||
| 008 | 220927b |||||||| |||| 00| 0 eng d | ||
| 024 | _a10074 | ||
| 037 | _cTextual | ||
| 040 |
_aSDCL _cSDCL _beng |
||
| 041 |
_2eng _aeng |
||
| 082 | _aO-,3M12w, H5-H5;1 | ||
| 100 |
_aPop-Hennessy Una _9496305 |
||
| 245 | 0 | _aCaharlesl Dickens. | |
| 260 | _c1945 | ||
| 942 |
_hO-,3M12w, H5-H5;1 _cTEXL _2CC |
||
| 999 |
_c812612 _d812612 |
||